| 000 | 01593nam a2200421Ii 4500 | ||
|---|---|---|---|
| 001 | DIGDYK0461 | ||
| 003 | NyNyDIG | ||
| 008 | 141111s2013 sp ob 000 0 spa d | ||
| 006 | m o d | ||
| 007 | cr ||||||||||| | ||
| 040 |
_aDGITA _beng _erda _epn _cDGITA |
||
| 020 |
_a9788490317228 _q(eBook) |
||
| 020 |
_a8490317224 _q(eBook) |
||
| 020 | _z9788490311189 | ||
| 020 | _z8490311188 | ||
| 024 | 7 |
_a126-10-058-4 _2nipo |
|
| 035 | _a(OCoLC)880637343 | ||
| 043 | _ae-sp--- | ||
| 050 | 1 | 4 | _aHV8073 eBook |
| 245 | 0 | 0 |
_aTécnicas de investigación criminal / _cJosé Ibáñez Peinado (coordinador). |
| 250 | _a2a edición. | ||
| 264 | 1 |
_aMadrid : _bMinisterio del Interior, Gobierno de España : _bDykinson SL, _c[2013] |
|
| 300 |
_a1 online resource (744 pages) : _billustrations. |
||
| 336 |
_atext _btxt _2rdacontent |
||
| 337 |
_acomputer _bc _2rdamedia |
||
| 338 |
_aonline resource _bcr _2rdacarrier |
||
| 588 | 0 | _aOnline resource; title from PDF title page (Digitalia, viewed November 14, 2014) | |
| 504 | _aIncludes bibliographical references. | ||
| 650 | 0 |
_aCriminal investigation _xTechnique. |
|
| 650 | 0 | _aForensic sciences. | |
| 655 | 0 | _aElectronic books. | |
| 791 | 2 |
_aDigitalia (Firm), _edistributor. |
|
| 793 | 0 |
_gDigitalia eBook Collection: _aDykinson Editorial |
|
| 776 | 0 | 8 |
_iPrint version: _tTécnicas de investigación criminal. _dMadrid : Ministerio del Interior : Dykinson, 2012 _z9788490311189 _w(OCoLC)818735383 |
| 856 | 4 | 0 |
_3Digitalia Hispánica _uhttps://www.digitaliapublishing.com/a/24354/ |
| 910 | _aPremium Collection: 2014 | ||
| 942 | _cRAA | ||
| 999 |
_c238351 _d238351 |
||